Statistics for General Knowledge Quiz #37

Click here to take the quiz!

General Stats

  • This quiz has been taken 132,054 times
    (84,934 since last reset)
  • The average score is 11 of 20

Answer Stats

QuestionAnswer% Correct
What is the last name of brothers Fidel and Raúl?Castro
84%
What book is about a girl from "District 12"?The Hunger Games
83%
What is the last name of the tennis player whose first name is a planet?Williams
78%
What country is the island of Rhodes a part of?Greece
75%
What type of grass can grow to over 40 meters in height, and can grow more than
1 meter in a single day?
Bamboo
72%
Which element of the Periodic Table is known in Latin as Argentum?Silver
64%
What can have a forecastle, a head, and a hold? a Ship
62%
It's near Mount Kilimanjaro, it's the second tallest mountain in Africa, and it's named
for a country. What is it?
Mount Kenya
59%
Who plays at Old Trafford?Manchester United
58%
In "Back to the Future Part II", what future year did Marty McFly travel to?2015
56%
What bay lies between India and Indochina?Bay of {Bengal}
53%
What weapon is used for jousting?Lance
53%
In what country would you find the cities of Zaragoza and Valladolid?Spain
52%
What unit is used to measure the height of a horse?Hands
51%
What vitamin precursor causes carrots to be orange?{Beta}-Carotene
49%
Fill in the blank: Diwali is the Indian festival of ____.Lights
44%
What mostly-dead language was used to write the Hindu Vedas?Sanskrit
42%
What series of children's books was created by A. A. Milne?Winnie-the-Pooh
39%
What record label recorded The Supremes and The Jackson 5?Motown
38%
What is the Islamic equivalent to the Red Cross?Red Crescent
30%

Score Distribution

Percentile by Number Answered

Percent of People with Each Score

Your Score History

You have not taken this quiz since the last reset